| 000 | 00594nam a22001697a 4500 | ||
|---|---|---|---|
| 005 | 20251108170824.0 | ||
| 008 | 250721s1992 xx 000 0 ara d | ||
| 082 | 1 | 4 | _a810.08/عبد |
| 100 | 1 | _aعبد الرحمن، حسين راضي | |
| 245 | 1 | 0 |
_aمختارات من روائع النثر العربي القديم : _b"دراسة وتحليل" / |
| 264 | 1 |
_aعمان : _bدار البيرق للطباعة و النشر و التوزيع، _c1992. |
|
| 300 | _a149ص. | ||
| 650 | 1 | 7 | _aالأدب العربي |
| 650 | 1 | 7 | _aالنثر العربي |
| 942 |
_2ddc _cBK |
||
| 999 |
_c49838 _d49838 |
||